000 00856nam a22002417a 4500
005 20091029135624.0
008 091029t xxu||||| |||| 00| 0 eng d
010 _aENG-95255
020 _a9780070671225
_c180.00
020 _a0070671222
_c180.00
035 _aEN-78788
037 _bDBAD/PUB
040 _aDPL
082 _a621.381
100 _aSalivahanan, S.
245 _aBasic electronics :
_cby S. Salivahanan
_bBE 107 /
260 _aNew Delhi
_bTata McGraw-Hill Education
_c2009
270 _a7, West Patel Nagar
_bNew Delhi
_e110008
300 _aVarious pagings
_c22 cm. (Pbk)
500 _aIncludes index
942 _2ddc
_cEN
_mSAL
_h621.381
999 _c31152
_d31152